[Event "OP-2011-0-01534"]
[Site "LSS email"]
[Date "2011.05.17"]
[Round "?"]
[White "Koci, Vlastimil"]
[Black "Lizorkina, Veronika"]
[Result "0-1"]
[WhiteElo "1189"]
[BlackElo "1828"]
[PlyCount "56"]
[EventDate "2011.05.14"]
[EventType "tourn (corr)"]
[EventRounds "4"]
[EventCountry "GER"]
[SourceTitle "Telechess CBM 145"]
[Source "Chessbase"]
[SourceDate "2011.11.11"]
[SourceVersion "1"]
[SourceVersionDate "2011.11.11"]
[SourceQuality "1"]

1. d4 Nf6 2. Nf3 d5 3. Bf4 e6 4. e3 Be7 5. Be2 Nc6 6. 0-0 0-0 7. h3 Bd6 8. Ne5 Bxe5 9. dxe5 Nd7 10. Bd3 Kh8 11. Qh5 g6 12. Qh6 Ndxe5 13. Bg3 f6 14. Nc3 Bd7 15. Be2 Ne7 16. e4 c5 17. f4 Nf7 18. Qh4 Nd6 19. f5 g5 20. Qh5 e5 21. exd5 Nexf5 22. Bh2 c4 23. Kh1 Ne3 24. Rfc1 Ndf5 25. Qf3 Nxc2 26. Rxc2 Nd4 27. Qf2 Nxc2 28. Bxc4 Nxa1 0-1

[Event "OP-2011-0-01497"]
[Site "LSS email"]
[Date "2011.04.30"]
[Round "?"]
[White "Couspeyre, Thierry"]
[Black "Koci, Vlastimil"]
[Result "0-1"]
[WhiteElo "1182"]
[BlackElo "1189"]
[PlyCount "74"]
[EventDate "2011.04.18"]
[EventType "tourn (corr)"]
[EventRounds "4"]
[EventCountry "GER"]
[SourceTitle "Telechess CBM 145"]
[Source "Chessbase"]
[SourceDate "2011.11.11"]
[SourceVersion "1"]
[SourceVersionDate "2011.11.11"]
[SourceQuality "1"]

1. d4 d5 2. c4 c6 3. Nf3 Nf6 4. e3 Bg4 5. Qb3 Qc7 6. Ne5 Bh5 7. Nc3 e6 8. Bd2 Bd6 9. f4 dxc4 10. Bxc4 0-0 11. 0-0 Nbd7 12. Bd3 Nb6 13. Rac1 Qe7 14. Rce1 Rfd8 15. Ne4 Nxe4 16. Bxe4 f6 17. Nd3 Bf7 18. Bf3 e5 19. Qd1 e4 20. b3 exf3 21. Qxf3 Rac8 22. e4 f5 23. exf5 Qf6 24. Ne5 Qxf5 25. g4 Qc2 26. Qf2 Qxa2 27. Ra1 Qxb3 28. Rfb1 Bxe5 29. Rxb3 Bxd4 30. Be3 Bxa1 31. Rb1 Bc3 32. Qc2 Nd5 33. Bxa7 Nxf4 34. Rxb7 Rd2 35. Qf5 Nh3+ 36. Kf1 Bc4+ 37. Ke1 Rd5# 0-1

[Event "OP-2011-0-01497"]
[Site "LSS email"]
[Date "2011.04.30"]
[Round "?"]
[White "Koci, Vlastimil"]
[Black "Molano Lafuente, Ismael"]
[Result "1-0"]
[WhiteElo "1189"]
[BlackElo "1306"]
[PlyCount "65"]
[EventDate "2011.04.18"]
[EventType "tourn (corr)"]
[EventRounds "4"]
[EventCountry "GER"]
[SourceTitle "Telechess CBM 145"]
[Source "Chessbase"]
[SourceDate "2011.11.11"]
[SourceVersion "1"]
[SourceVersionDate "2011.11.11"]
[SourceQuality "1"]

1. d4 Nf6 2. Nf3 e6 3. Bf4 Bd6 4. Bg5 Be7 5. e3 b6 6. Nbd2 Bb7 7. Bd3 d5 8. c3 c5 9. Rc1 Nc6 10. 0-0 0-0 11. dxc5 bxc5 12. Bb1 h6 13. Bh4 g5 14. Bg3 Nh5 15. c4 Nxg3 16. hxg3 f5 17. cxd5 exd5 18. Nb3 c4 19. Nbd4 Qd7 20. a3 Rab8 21. Qc2 Nxd4 22. Nxd4 Bc8 23. g4 Qb7 24. gxf5 Rf6 25. Qd1 Rb6 26. Ne2 Rxb2 27. Nc3 Bxa3 28. Nxd5 Qb5 29. Be4 Bb7 30. Nf6+ Kf7 31. Qh5+ Kxf6 32. Qg6+ Ke7 33. Qg7+ 1-0

[Event "OP-2011-0-01494"]
[Site "LSS email"]
[Date "2011.04.20"]
[Round "?"]
[White "Molina, Vicente Andres"]
[Black "Koci, Vlastimil"]
[Result "0-1"]
[WhiteElo "791"]
[BlackElo "1248"]
[PlyCount "58"]
[EventDate "2011.04.15"]
[EventType "tourn (corr)"]
[EventRounds "4"]
[EventCountry "GER"]
[SourceTitle "Telechess CBM 151"]
[Source "ChessBase"]
[SourceDate "2012.11.13"]
[SourceVersion "1"]
[SourceVersionDate "2012.11.13"]
[SourceQuality "1"]

1. c4 e5 2. Nc3 Nf6 3. g3 d5 4. cxd5 Nxd5 5. Bg2 c6 6. Nf3 Bd6 7. d4 exd4 8. Nxd4 Nxc3 9. bxc3 0-0 10. 0-0 Bg4 11. Qb3 Qc7 12. f3 Bd7 13. Be3 Na6 14. Bf2 Nc5 15. Qc2 Rfe8 16. e4 Ne6 17. Rad1 Rad8 18. f4 c5 19. Nf5 Bf8 20. e5 Bc6 21. Bxc6 Qxc6 22. Nd6 Bxd6 23. exd6 Rxd6 24. Rxd6 Qxd6 25. Rd1 Qc6 26. Qd2 h6 27. Qd7 Rd8 28. Qxc6 Rxd1+ 29. Kg2 bxc6 0-1

[Event "OP-2011-0-01494"]
[Site "LSS email"]
[Date "2011.04.19"]
[Round "?"]
[White "Koci, Vlastimil"]
[Black "Lykhomano, Romano"]
[Result "1-0"]
[WhiteElo "1248"]
[BlackElo "1589"]
[PlyCount "23"]
[EventDate "2011.04.15"]
[EventType "tourn (corr)"]
[EventRounds "4"]
[EventCountry "GER"]
[SourceTitle "Corr 2015"]
[Source "ChessBase"]
[SourceDate "2015.07.17"]
[SourceVersion "1"]
[SourceVersionDate "2015.07.17"]
[SourceQuality "1"]

1. d4 Nf6 2. Nf3 g6 3. Bf4 Bg7 4. e3 0-0 5. Bd3 d5 6. Nbd2 e6 7. c3 Nbd7 8. h4 h5 9. Qc2 c5 10. Bd6 Re8 11. dxc5 Bf8 12. Ng5 1-0

[Event "OP-2011-0-01494"]
[Site "LSS email"]
[Date "2011.04.19"]
[Round "?"]
[White "Lombardi, Donato"]
[Black "Koci, Vlastimil"]
[Result "0-1"]
[WhiteElo "744"]
[BlackElo "1248"]
[PlyCount "78"]
[EventDate "2011.04.15"]
[EventType "tourn (corr)"]
[EventRounds "4"]
[EventCountry "GER"]
[SourceTitle "Telechess CBM 151"]
[Source "ChessBase"]
[SourceDate "2012.11.13"]
[SourceVersion "1"]
[SourceVersionDate "2012.11.13"]
[SourceQuality "1"]

1. e4 d5 2. exd5 Nf6 3. c4 g6 4. Nc3 Bg7 5. d4 0-0 6. Nf3 c6 7. dxc6 Nxc6 8. Bd3 Nxd4 9. Nxd4 Qxd4 10. 0-0 Rd8 11. Be2 Qe5 12. Qc2 Bf5 13. Qb3 b6 14. Bf3 Rac8 15. Bg5 Bd3 16. Bxf6 Qxf6 17. Rfd1 e6 18. Ne4 Qxb2 19. Rac1 Qxb3 20. axb3 Bb2 21. Re1 Bxc1 22. Rxc1 b5 23. c5 Bxe4 24. Bxe4 a5 25. g3 Rd4 26. Bb7 Rc7 27. c6 b4 28. Rc5 Rd5 29. Rc4 f5 30. f4 Kf7 31. Kf2 Kf6 32. Ke3 e5 33. fxe5+ Kxe5 34. h3 Kd6 35. Rd4 Rxd4 36. Kxd4 Rxc6 37. Bxc6 Kxc6 38. Ke5 a4 39. bxa4 b3 0-1

[Event "RN-2011-0-00361"]
[Site "LSS email"]
[Date "2011.03.21"]
[Round "?"]
[White "Feng, Jason"]
[Black "Koci, Vlastimil"]
[Result "0-1"]
[WhiteElo "826"]
[BlackElo "1196"]
[PlyCount "61"]
[EventDate "2011.03.08"]
[EventType "tourn (corr)"]
[EventRounds "6"]
[EventCountry "GER"]
[SourceTitle "Telechess CBM 145"]
[Source "Chessbase"]
[SourceDate "2011.11.11"]
[SourceVersion "1"]
[SourceVersionDate "2011.11.11"]
[SourceQuality "1"]

1. e4 d5 2. exd5 Nf6 3. d4 g6 4. Nc3 Bg7 5. Nf3 0-0 6. Bd3 Nbd7 7. h3 Nb6 8. 0-0 Nbxd5 9. Nxd5 Nxd5 10. c3 b6 11. Be4 Bb7 12. c4 Ne3 13. Bxe3 Bxe4 14. Ng5 Bf5 15. Rc1 c5 16. Nf3 Be4 17. dxc5 Bxb2 18. Qxd8 Rfxd8 19. Rcd1 Bd3 20. cxb6 Bxf1 21. Rxd8+ Rxd8 22. Kxf1 axb6 23. Bxb6 Rc8 24. a4 Rxc4 25. a5 Ra4 26. Ke2 Bc3 27. Kd3 Bxa5 28. Bxa5 Rxa5 29. Ke4 f5+ 30. Kf4 h6 31. Nh4 0-1